El puchero de oro /
Guardado en:
| Autor principal: | |
|---|---|
| Formato: | Desconocido |
| Lenguaje: | Spanish |
| Publicado: |
San José, Costa Rica :
Editorial Costa Rica,
c1977.
|
| Materias: | |
| Etiquetas: |
Agregar Etiqueta
Sin Etiquetas, Sea el primero en etiquetar este registro!
|
MARC
| LEADER | 000000000a22000000004500 | ||
|---|---|---|---|
| 001 | 006600 | ||
| 041 | 0 | |a spa | |
| 082 | 0 | 4 | |a 833.64 |b H711p |
| 100 | 1 | |a Amadeo Hoffmann, Teodoro Ernesto | |
| 245 | 1 | 3 | |a El puchero de oro / |c Teodoro Ernesto Amadeo Hoffmann. |
| 260 | 1 | |a San José, Costa Rica : |b Editorial Costa Rica, |c c1977. | |
| 300 | |a 169 páginas | ||
| 650 | 4 | |a LITERATURA ALEMANA | |
| 650 | 4 | |a CUENTOS | |
| 999 | |c 12093 |d 12093 | ||
| 942 | |c BK |h 833.64 H711p |2 z | ||
